=LDR 00000nam 2200000 4500 =001 INLIS000000000025898 =005 20210830114644 =035 ##$$a 0010-061300000025898 =008 210830################g##########0#ind## =041 ##$$a Ind =082 ##$$a 346 =090 ##$$a 346, Muh h =100 ##$$a Muhammad, Abdulkadir =245 1#$$a Hukum perseroan indonesia /$c Abdulkadir Muhammad =260 ##$$a Bandung :$b Citra Aditya Bakti,$c 1996 =300 ##$$a 199 hlm ; $c 21x14 cm =650 #4$$a Hukum perseroan =850 ##$$a NBPNMAT =020 ##$$a 979-414-728-1 =084 ##$$a 346 MUH h =250 ##$$a cet.1 =990 ##$$a 00050199